00706nam a2200241 a 4500001001300000003000900013005001700022008004100039020001000080082001600090100003000106245001300136260004200149300000800191500003500199505001700234650003600251700003000287902000800317942000700325952011700332999001500449nice12345678IN_TiNIC20260116012542.0050524s1988 qada grp 000 0 urd  ac10000a297.81bNDT aNizarat Dawat-O-Tabligh,  aMubahila aQadianbNizarat Dawat-O-Tablighc1988 a26p aincludes index and biblioraphy2 aBibliography aIslam-Sects-conflicts-ahmadiyya1 aNizarat Dawat-O-Tabligh,  bSRS cBK 001040708StackRoom-aHMIbHMId2007-07-02g100.00l0o297.81 NDTp013246r2007-07-02v100.00w2005-05-24yBK c7437d7437